| 000 | 01206nam a2200337 4500 | ||
|---|---|---|---|
| 003 | EG-GICUC | ||
| 005 | 20260121101330.0 | ||
| 008 | 251122s1967 xo ||||fr|||| 00| 0 eng d | ||
| 040 |
_aEG-GiCUC _beng _cEG-GiCUC _dEG-GiCUC _erda |
||
| 041 | 1 | _aeng | |
| 082 | 0 | 4 |
_221 _a341.23 _bTO . D |
| 092 | 0 | 4 | _221 |
| 099 | _aLaw1 11 341.23 TO . D 1967 | ||
| 100 | 1 |
_aTomko, Ján. _eAuthor. |
|
| 240 | 1 |
_aVnútorna právomoc štátov a OSN, _lSlovak. |
|
| 245 | 1 | 4 |
_aThe domestic jurisdiction of states and the UNO / _cJán , Tomko ;Translation by K. Zidková. |
| 264 | 1 |
_aBratislava : _bPub. House of Slovak Academy of Sciences, _c1967. |
|
| 300 |
_a374 pages ; _c24 cm. |
||
| 336 |
_2rda content _atext |
||
| 337 |
_2rda media _aComputer |
||
| 338 |
_2rda carrier _aOnline Resource |
||
| 500 | _aTranslation of Vnútorna právomoc štátov a OSN. | ||
| 504 | _aBibliography: p. 370-374. Bibliographic references | ||
| 546 | _aText in English | ||
| 650 | 1 |
_2qrmak _aOrganisation des Nations Unies _xDroit international public |
|
| 651 | 1 | _2qrmak | |
| 700 | 1 |
_aK. Zidková. _eTranslator. |
|
| 856 | 4 | 0 | _uhttps://fll.law.cu.edu.eg/fulltext/bks/B11-05936.pdf |
| 905 |
_a75 _eYara |
||
| 942 |
_2ddc _n0 _cBK _e21 |
||
| 999 |
_c45264 _d45264 |
||